|
|
|
|
| LEADER |
00000naa2a2200000 4500 |
| 001 |
388132 |
| 005 |
20231101063713.0 |
| 035 |
|
|
|a (RuTPU)RU\TPU\prd\18913
|
| 090 |
|
|
|a 388132
|
| 100 |
|
|
|a 20031022a2003 k y0rusy50 ca
|
| 101 |
0 |
|
|a rus
|
| 102 |
|
|
|a RU
|
| 200 |
1 |
|
|a Применение нестационарного заводнения на нефтяных месторождениях Татарстана
|f Р. Р. Ибатуллин, А. М. Шавалиев, Н. З. Ахметов
|
| 225 |
1 |
|
|a Разработка и эксплуатация нефтяных месторождений
|
| 461 |
|
1 |
|0 (RuTPU)RU\TPU\prd\1638
|x 0028-2448
|t Нефтяное хозяйство
|o научно-технический производственный журнал
|d 1925-1940, 1946-
|
| 463 |
|
1 |
|0 (RuTPU)RU\TPU\prd\18440
|t № 8
|v С. 54-57
|d 2003
|
| 610 |
1 |
|
|a нестационарное заводнение
|
| 610 |
1 |
|
|a Татарстан
|
| 610 |
1 |
|
|a нефтяные месторождения
|
| 675 |
|
|
|a 622.276.43(470.41)
|v 3
|
| 700 |
|
1 |
|a Ибатуллин
|b Р. Р.
|
| 701 |
|
1 |
|a Шавалиев
|b А. М.
|
| 701 |
|
1 |
|a Ахметов
|b Н. З.
|
| 801 |
|
1 |
|a RU
|b 63413507
|c 20031022
|g PSBO
|
| 801 |
|
2 |
|a RU
|b 63413507
|c 20131028
|g RCR
|
| 942 |
|
|
|c BK
|